000 00611 a2200169 4500
999 _c8274
_d8274
020 _a9780071318310
050 _aPN1995 BOR 2013
100 _aBordwell, David
_eauthor
245 _aFilm art :
_b an introduction /
_cDavid Bordwell; Kristin Thompson
264 _aNew York:
_bMcGraw hill.,
_c2013
300 _axx, 519 pages : illustrations (some color) ; 28 cm
500 _a"This international student edition is for use outside of the U.S."--Cover. includes index
650 _aMotion pictures -- Aesthetics.
650 _aPerforming Arts.
700 _aThompson Kristin
942 _2lcc
_cBK
_h1995
_iBOR
_kPN